00675nam a2200253Ia 4500008004100000041001200041082001000053082001100063100001300074100001100087245001600098260001300114260003600127260000900163300001500172365002500187650001300212650001600225650001500241650001400256942000700270999001900277952012500296150909s9999 xx 000 0 und d aEnglish a589.3 bKHA/AL aKhan M  eAuthor aAlgae today aDehradun bBishen Singh Mahendra Pal Singh c1983 a248 Pages aRs.82  aAlgology aChrysophyta aCyanophyta aPhycology cBK c234007d234007 00104070aKAUCOAbKAUCOAd2015-09-16g82.00l0o589.3 KHA/ALpKAU-COA-17502 r2015-09-16 00:00:00w2015-09-16yBK